Normal view
MARC view
- ل Brown ، KimerleeS مؤلف/Parsons ، Richard D م.مشارك الحسناوي،علي رشيد مترجم؛ الغافري؛ هاشم بن سعد مراجع
Entry Personal Name
001 - CONTROL NUMBER
- control field: 48978
003 - CONTROL NUMBER IDENTIFIER
- control field: JO-AjAnu
005 - DATE AND TIME OF LATEST TRANSACTION
- control field: 20230606082056.0
008 - FIXED-LENGTH DATA ELEMENTS
- fixed length control field: 230606|| aca||aabn | a|a d
040 ## - CATALOGING SOURCE
- Original cataloging agency: JO-AjAnu
- Transcribing agency: JO-AjAnu
100 ## - HEADING--PERSONAL NAME
- Personal name: ل Brown ، KimerleeS مؤلف/Parsons ، Richard D م.مشارك الحسناوي،علي رشيد مترجم؛ الغافري؛ هاشم بن سعد مراجع
670 ## - SOURCE DATA FOUND
- Source citation: Work cat.: (JO-AjAnu)25052: ل Brown ، KimerleeS مؤلف/Parsons ، Richard D م.مشارك الحسناوي،علي رشيد مترجم؛ الغافري؛ هاشم بن سعد مراجع , author, المعلم ممارس متأمل وباحث إجرائي= Teacher as Reflective Practitioner and Action Researcher